Вербализация концепта бизнес по данным лексикографических источников; Коммуникативные аспекты языка и культуры; Ч. 2
| Parent link: | Коммуникативные аспекты языка и культуры: сборник материалов XI Международной научно-практической конференции студентов и молодых ученых, г. Томск, 18-20 мая 2011 г./ Национальный исследовательский Томский политехнический университет (ТПУ) ; под ред. С. А. Песоцкой.— , 2011 Ч. 2.— 2011.— [С. 139-147] |
|---|---|
| المؤلف الرئيسي: | |
| الملخص: | Заглавие с титульного листа. Электронная версия печатной публикации. |
| اللغة: | الروسية |
| منشور في: |
2011
|
| سلاسل: | Аспекты когнитологии, лингвокультурологии |
| الموضوعات: | |
| الوصول للمادة أونلاين: | http://www.lib.tpu.ru/fulltext/c/2011/C77/V2/001.pdf |
| التنسيق: | MixedMaterials الكتروني فصل الكتاب |
| KOHA link: | https://koha.lib.tpu.ru/cgi-bin/koha/opac-detail.pl?biblionumber=612211 |
MARC
| LEADER | 00000naa2a2200000 4500 | ||
|---|---|---|---|
| 001 | 612211 | ||
| 005 | 20260421141536.0 | ||
| 035 | |a (RuTPU)RU\TPU\conf\10323 | ||
| 090 | |a 612211 | ||
| 100 | |a 20150525d2011 k y0rusy50 ca | ||
| 101 | 0 | |a rus | |
| 102 | |a RU | ||
| 135 | |a drgn ---uucaa | ||
| 181 | 0 | |a i | |
| 182 | 0 | |a b | |
| 200 | 1 | |a Вербализация концепта бизнес по данным лексикографических источников |f А. П. Митяева | |
| 203 | |a Текст |c электронный | ||
| 215 | |a 1 файл (173 Кб) | ||
| 225 | 1 | |a Аспекты когнитологии, лингвокультурологии | |
| 300 | |a Заглавие с титульного листа. | ||
| 300 | |a Электронная версия печатной публикации. | ||
| 320 | |a [Библиогр.: с. 145-147 (29 назв.)] | ||
| 337 | |a Adobe Reader | ||
| 461 | 1 | |0 (RuTPU)RU\TPU\conf\8793 |t Коммуникативные аспекты языка и культуры |o сборник материалов XI Международной научно-практической конференции студентов и молодых ученых, г. Томск, 18-20 мая 2011 г. |o в 3 ч. |f Национальный исследовательский Томский политехнический университет (ТПУ) ; под ред. С. А. Песоцкой |d 2011 | |
| 463 | 1 | |0 (RuTPU)RU\TPU\conf\8795 |t Ч. 2 |v [С. 139-147] |d 2011 | |
| 610 | 1 | |a электронный ресурс | |
| 610 | 1 | |a труды учёных ТПУ | |
| 610 | 1 | |a вербализация | |
| 610 | 1 | |a концепты | |
| 610 | 1 | |a лексикографический метод | |
| 700 | 1 | |a Митяева |b А. П. |c лингвист |c старший преподаватель Томского политехнического университета |f 1972- |g Анна Павловна |3 (RuTPU)RU\TPU\pers\29191 | |
| 801 | 1 | |a RU |b 63413507 |c 20150310 | |
| 801 | 2 | |a RU |b 63413507 |c 20160229 |g RCR | |
| 856 | 4 | |u http://www.lib.tpu.ru/fulltext/c/2011/C77/V2/001.pdf | |
| 942 | |c BK | ||